| Tag |
First Indicator |
Second Indicator |
Subfields |
| LEADER |
00000cam a2200000 a 4500 |
| 001 |
in00000090042 |
| 005 |
20151008065531.0 |
| 008 |
720104s1971 coua 00010 engm |
| 010 |
|
|
|a 71031172
|
| 035 |
|
|
|a (OCoLC)00221356
|
| 035 |
|
|
|9 AAK6125AM
|
| 040 |
|
|
|a DLC
|c DLC
|d TXA
|d UtOrBLW
|
| 043 |
|
|
|a n-us-co
|
| 049 |
|
|
|a TXAM
|c [802509]
|
| 082 |
0 |
|
|a 385/.09788
|
| 090 |
|
|
|a HE2791
|b D44254 1980
|
| 100 |
1 |
|
|a McCoy, Dell A.
|
| 245 |
1 |
4 |
|a The Rio Grande pictorial, 1871-1971 :
|b one-hundred years of railroading thru the Rockies /
|c by Dell McCoy and Russ Collman.
|
| 264 |
|
1 |
|a Denver :
|b Sundance,
|c [1971]
|
| 264 |
|
3 |
|c 1980 printing
|
| 264 |
|
4 |
|c ©1971
|
| 300 |
|
|
|a 216 pages :
|b chiefly illustrations (some color) ;
|c 22 x 29 cm.
|
| 336 |
|
|
|a text
|b txt
|2 rdacontent
|
| 337 |
|
|
|a unmediated
|b n
|2 rdamedia
|
| 338 |
|
|
|a volume
|b nc
|2 rdacarrier
|
| 610 |
2 |
0 |
|a Denver and Rio Grande Western Railroad
|x History.
|
| 700 |
1 |
|
|a Collman, Russ.
|
| 999 |
|
|
|a MARS
|
| 999 |
f |
f |
|s 06e79ac5-7451-36eb-98b7-24f345094349
|i c8532651-f753-3a3d-8871-708e867c3d91
|t 0
|
| 952 |
f |
f |
|p ric
|a Texas A&M University
|b Rellis Campus
|c Joint Library Facility
|d Remote Storage
|t 0
|e HE2791 D44254 1980
|h Library of Congress classification
|i unmediated -- volume
|m A14805966012
|
| 998 |
f |
f |
|a HE2791 D44254 1980
|t 0
|l Remote Storage
|